Cardio - Fast Facts - Statistics

General Stats
  • This quiz has been taken 24 times
    20 since last reset
  • The average score is 5 of 73
Answer Stats
hint answer % Correct
heart valve most likely to be affected by endocarditis mitral
78%
ICDs are considered in patients with EF 35
33%
first line tx for hypertensive crisis nicardipine, labetalol
33%
ABI < this indicates PAD 0.9
11%
Triglycerides > this increase your risk for pancreatitis 1,000
11%
In addition to ASCVD score 7.5%+, LDL above what indicates the need for high intensity statin 190
11%
Class X HF per the NYHA includes slight limitation of activity with normal daily activities 2
11%
Class X HF per the NYHA includes pain/SOB even at rest 4
11%
Surgical valve replacement/repair is indicated in pts w/ acute aortic regurgitation, symptomatic AR, or EF < what? 55
11%
Med regimen for HFrEF includes these 3 classes ACE/ARB + diuretic + BB
11%
Heparin, fondaparinux, and direct thrombin inhibitors (dabigatran) are all meds in this drug class Anticoagulants
11%
aspirin, P2Y12 inhibitors (clopidogrel) and glycoprotein IIA/IIB are all meds in this class of drugs antiplatelets
11%
the only valve disease for which valve replacement is preferred to valve repair aortic stenosis
11%
only two medications that reduce mortality in stable angina aspirin, BB
11%
this class of meds is contraindicated in WPW AV node blockers (BB)
11%
This class of drugs used in the tx of chronic stable angina should be avoided in acute decompensated HF BB
11%
med class contraindicated in cocaine induced MI and vasospastic angina Betablockers
11%
Left sided HF is MCC by CAD, hypertension
11%
antihypertensive regimen in african americans includes these two med classes CCB + thiazide
11%
Medication that improves intermittent claudication in PAD Cilastozol
11%
Congenital heart disease commonly associated with turner syndrome Coarctation of the aorta
11%
Standard HF treatment diuretic + ACEi ± BB
11%
first-line antihypertensive agents in patients with acute aortic dissection esmolol, labetalol
11%
hpertriglyceridemia is treated with this class of meds fibrates
11%
this type of MI is preload dependent; nitroglycerin is contraindicated inferior
11%
acute HF treatment lasix + nitroprusside
11%
Right sided HF is MCC by Left sided HF, lung disease
11%
disorders characterized by an opening snap mitral stenosis, tricuspid stenosis
11%
Midsystolic click is characteristic of MVP
11%
this med is contraindicated in RV (inferior) infarct Nitroglycerin
11%
Example of high intensity statin regimen Rosuvastatin 20mg, atorvastatin 40mg
11%
Most common innocent murmur in kids, characterized by vibratory, musical quality Still murmur
11%
Artery MC affected in PAD of the lower limbs Superficial femoral
11%
Patients will often present with a linear erythematous induration that is tender to palpation, or palpable cord on the leg, indicating this condition superficial thrombophlebitis
11%
“R on T” phenomenon refers to the cause of this dangerous rhythm which is preceded by multiple PVCs ventricular tachycardia
11%
MC congenital valve defect VSD
11%
verapamil, amiodarone, digoxin, or beta-blockers are AV nodal blockers contraindicated in WPW
11%
critical limb ischemia is defined as ABI < 0.4
0%
endovenous laser ablation is indicated when venous reflux exceeds this many ms 1000
0%
ideal total cholesterol is less than 200
0%
in hypertensive emergency, blood pressure should be reduced by this much within the first hour 25%
0%
amount of IV NS/LR Xmg/kg a patient should be given for shock 30mg/kg
0%
AAA above this size in diameter should be monitored regularly w/ US 3cm
0%
CABG is indicated if LAD stenosis exceeds 50%
0%
Treat hypertriglyceridemia when tri exceed this value 500
0%
surgical repair is indicated when abdominal aneurysm exceeds this size 5.5cm
0%
Toxic megacolon is colonic dilation beyond 6cm
0%
Exam findings highly suggestive of this condition include an S3 gallop, abdominojugular reflux, and jugular venous distension acute heart failure
0%
MC valve disorder in the US aortic stenosis
0%
MC congenital heart condition among adults bicuspid aortic valve
0%
MCC of aortic stenosis calcification, CAD, atherosclerosis
0%
sinus tachycardia w/ low QRS voltage on EKG is a sign of cardiac tampanade
0%
Hypotension, distended neck veins, and muffled heart sounds are known as Beck’s triad, indicating cardiac tamponade
0%
MC pathogen responsible for acute pericarditis coxsackie
0%
refers to post-MI pericarditis dressler syndrome
0%
symptom caused by increased capillary hydrostatic pressure, hypoalbuminemia, increased capillary permeability, or lymphatic obstruction edema
0%
Most common cause of aortic regurgitation Endocarditis
0%
Pulsus bisferiens, triple apical impulse, and S4 are associated with HOCM
0%
Medications that decrease preload such as nitrites, ACEi/ARBs, diuretics and digoxin should be avoided in HOCM
0%
most common and most important predisposing risk factor found in patients with aortic dissection hypertension
0%
Most important predisposing risk factor for aortic dissection Hypertension
0%
lateral wall STEMI affects which artery? left circumflex
0%
MCC of nontraumatic cardiac tamponade malignancy
0%
first-line vasopressor or inotropic agent of choice for cardiogenic shock norepinephrine
0%
this class of meds, which includes epoprostenol, is used in the treatment of pulmonary hypertension prostacyclin analogs
0%
vagal maneuvers should first be attempted in this arrhythmia PSVT
0%
the difference between the two types of premature cardiac contractions (PAC vs PVC) is that this form has a compensatory pause following PVC
0%
pulmonary embolism is associated with this cardiac rhythm on EKG RBBB
0%
MCC of tricuspid stenosis RHD
0%
MCC of mitral stenosis RHD
0%
classic symptoms of this cardiac emergency include abdominal/flank/back pain, hypotension, and pulsatile abdominal mass ruptured AAA
0%
this hyperadrenergic state can cause acute heart failure, and may also present with the following symptoms: hyperthermia, hypertension, tachycardia (often out of proportion to temperature), anxiety, tremors, diaphoresis, hair thinning, diarrhea, exophthalmos, an anterior neck mass, dyspnea on exertion, elevated jugular venous pressure with jugular venous distension, and pulmonary edema thyroid storm
0%
reciprocal leads showing ST depression in inferior STEMI V1-V3
0%
No matching quizzes found
Score Distribution
Percent of People with Each Score
Percentile by Number Answered
Your Score History
You have not taken this quiz since the last reset